Statistics : (Record no. 35396)
[ view plain ]
| 000 -LEADER | |
|---|---|
| fixed length control field | 00746nam a22002297a 4500 |
| 001 - CONTROL NUMBER | |
| control field | 35396 |
| 003 - CONTROL NUMBER IDENTIFIER | |
| rucl marc code | BD-RjUL |
| 005 - DATE AND TIME OF LATEST TRANSACTION | |
| control field | 20211209052320.0 |
| 008 - FIXED-LENGTH DATA ELEMENTS--GENERAL INFORMATION | |
| fixed length control field | 140524s1962 nyna|||| |||| 001 0 eng d |
| 035 ## - SYSTEM CONTROL NUMBER | |
| System control number | (BD-RjUL)35490 |
| 040 ## - CATALOGING SOURCE | |
| Original cataloging agency | BD-RjUL |
| Language of cataloging | eng |
| Transcribing agency | BD-RjUL |
| 041 ## - LANGUAGE CODE | |
| Language code of text/sound track or separate title | eng |
| 082 ## - DEWEY DECIMAL CLASSIFICATION NUMBER | |
| Classification number | 519.5 |
| Author mark and year | GRS 1962 |
| 100 1# - MAIN ENTRY--PERSONAL NAME | |
| Personal name | Griffin, John I. |
| 9 (RLIN) | 107797 |
| 245 1# - TITLE STATEMENT | |
| Title | Statistics : |
| Remainder of title | methods and applications / |
| Statement of responsibility, etc. | John I Griffin |
| 260 ## - PUBLICATION, DISTRIBUTION, ETC. (IMPRINT) | |
| Place of publication, distribution, etc. | New York : |
| Name of publisher, distributor, etc. | Holt, Rinehart and Winston, |
| Date of publication, distribution, etc. | ©1962. |
| 300 ## - PHYSICAL DESCRIPTION | |
| Pagination | xxiv, 533 p. : |
| Illustrations | ill. ; |
| Size | 26 cm. |
| 504 ## - BIBLIOGRAPHY, ETC. NOTE | |
| Bibliography, etc | Includes index. |
| 650 ## - SUBJECT ADDED ENTRY--TOPICAL TERM | |
| Topical term or geographic name as entry element | Statistics. |
| 9 (RLIN) | 107798 |
| 856 ## - ELECTRONIC LOCATION AND ACCESS | |
| Materials specified | WorldCat |
| Uniform Resource Identifier | <a href="http://www.worldcat.org/title/statistics-methods-and-applications/oclc/15383487&referer=brief_results">http://www.worldcat.org/title/statistics-methods-and-applications/oclc/15383487&referer=brief_results</a> |
| 942 ## - ADDED ENTRY ELEMENTS (KOHA) | |
| Source of classification or shelving scheme | Dewey Decimal Classification |
| Koha item type | Books |
| Lost status | Source of classification or shelving scheme | Damaged status | Not for loan | Collection code | Permanent Location | Current Location | Shelving location | Date acquired | Source of acquisition | Cost, normal purchase price | Total Checkouts | Full call number | Date last seen | Copy number | Koha item type |
|---|---|---|---|---|---|---|---|---|---|---|---|---|---|---|---|
| Dewey Decimal Classification | Non-fiction | Central Library, University of Rajshahi | Central Library, University of Rajshahi | 22/11/1965 | Zeitlinger | 64.00 | 519 GRS 1962 | 24/05/2014 | C-3 | Books | |||||
| Dewey Decimal Classification | Non-fiction | Central Library, University of Rajshahi | Central Library, University of Rajshahi | 22/11/1965 | Zeitlinger | 64.00 | 519 GRS 1962 | 25/05/2014 | C-4 | Books | |||||
| Dewey Decimal Classification | Not For Loan | Non-fiction | Central Library, University of Rajshahi | Central Library, University of Rajshahi | Reading Room | 28/03/1964 | Zeitlinger | 60.00 | 519 GRS 1962 | 25/05/2014 | C-1 | Books | |||
| Dewey Decimal Classification | Non-fiction | Central Library, University of Rajshahi | Central Library, University of Rajshahi | 19/05/1965 | Wropakistan | 59.16 | 519 GRS 1962 | 15/11/2016 | C-2 | Books |